Gentilés similaires au masculin et au féminin - Statistiques

Statistiques générales
  • Ce quiz a été pris 15 fois
  • Le résultat moyen est 9 sur 16
Statistiques - réponses
Hint Réponse % Correct
B Bulgare
80%
R Russe
80%
Y Yéménite
80%
M Monégasque
73%
S Suisse
73%
B Belge
67%
S Slovaque
67%
S Slovène
67%
B Biélorusse
60%
C Croate
53%
S Serbe
53%
M Moldave
47%
G Guatémaltèque
40%
T Turkmène
40%
K Kirghize
33%
R Britannique
7%
Aucun quiz correspondant
Distribution des résultats
% des personnes avec chaque résultat
Percentile par nombre de réponses
Votre historique - résultats
Vous n’avez pas pris ce quiz